Transporting hazardous goods by road : (Record no. 543097)

000 -LEADER
fixed length control field 00742nam a2200169 a 4500
020 ## - INTERNATIONAL STANDARD BOOK NUMBER
International Standard Book Number 9264130519 (pbk.)
082 ## - DEWEY DECIMAL CLASSIFICATION NUMBER
Classification number 388.044
Author Mark ORG
-- D
245 00 - TITLE STATEMENT
Title Transporting hazardous goods by road :
Remainder of title report /
Statement of responsibility, etc. prepared by an OECD scientific experts group.
260 ## - PUBLICATION, DISTRIBUTION, ETC.
Place of publication, distribution, etc. Paris :
Name of publisher, distributor, etc. Organisation for Economic Co-operation and Development ;
Place of publication, distribution, etc. Washington, D.C. :
Name of publisher, distributor, etc. OECD Publications and Information Centre [distributor],
Date of publication, distribution, etc. 1988.
300 ## - PHYSICAL DESCRIPTION
Extent 144 p. :
Other physical details ill. (some col.) ;
Dimensions 27 cm.
526 ## - STUDY PROGRAM INFORMATION NOTE
Program name 0
Interest level 0
Reading level 0
Title point value 388_044000000000000_ORG
650 #0 - SUBJECT ADDED ENTRY--TOPICAL TERM
Topical term or geographic name entry element Hazardous substances
General subdivision Transportation.
9 (RLIN) 21578
650 #0 - SUBJECT ADDED ENTRY--TOPICAL TERM
Topical term or geographic name entry element MCE
9 (RLIN) 379
650 #0 - SUBJECT ADDED ENTRY--TOPICAL TERM
Topical term or geographic name entry element Transportation, Automotive.
9 (RLIN) 21152
710 2# - ADDED ENTRY--CORPORATE NAME
Corporate name or jurisdiction name as entry element Organisation for Economic Co-operation and Development.
9 (RLIN) 2909
942 ## - ADDED ENTRY ELEMENTS (KOHA)
Source of classification or shelving scheme
Koha item type Book
Holdings
Withdrawn status Lost status Source of classification or shelving scheme Damaged status Not for loan Permanent Location Current Location Date acquired Total Checkouts Full call number Barcode Date last seen Price effective from Koha item type
          Military College of Engineering (MCE) Military College of Engineering (MCE) 03/05/2014   388.044 ORG MCE-43411 03/05/2014 03/05/2014 Book
© 2023 Central Library, National University of Sciences and Technology. All Rights Reserved.